[Event "Voronezh op-B 19th"]
[Site "Voronezh"]
[Date "2015.06.12"]
[Round "1"]
[White "Simakov, Vladislav"]
[Black "Voischeva, Zinaida"]
[Result "1-0"]
[WhiteElo "2197"]
[BlackElo "1864"]
[PlyCount "65"]
[EventDate "2015.06.12"]
[EventType "swiss"]
[EventRounds "9"]
[EventCountry "RUS"]
[SourceTitle "CBM 167 Extra"]
[Source "ChessBase"]
[SourceDate "2015.09.14"]
[SourceVersion "1"]
[SourceVersionDate "2015.09.14"]
[SourceQuality "1"]

1. d4 Nf6 2. c4 e6 3. Nc3 Bb4 4. e3 0-0 5. Nge2 b6 6. a3 Be7 7. e4 d6 8. Ng3 Bb7 9. Bd3 Nbd7 10. 0-0 Re8 11. Be3 a5 12. f4 e5 13. fxe5 dxe5 14. d5 Bc5 15. Bxc5 Nxc5 16. Bc2 Rf8 17. b4 axb4 18. axb4 Rxa1 19. Qxa1 Na6 20. Qa3 Ng4 21. Rf3 Qg5 22. h3 Nf6 23. c5 Qd2 24. Bd3 bxc5 25. bxc5 Ra8 26. c6 Nb8 27. Qe7 Nxc6 28. dxc6 Bxc6 29. Nd5 Bxd5 30. exd5 Re8 31. Qxc7 Qe1+ 32. Kh2 Qd2 33. Ne4 1-0

[Event "Voronezh Elo-B"]
[Site "Voronezh"]
[Date "2007.05.14"]
[Round "8"]
[White "Simakov, Vladislav"]
[Black "Kornilov, Peter"]
[Result "1-0"]
[WhiteElo "2209"]
[BlackElo "2069"]
[PlyCount "35"]
[EventDate "2007.04.24"]
[EventType "swiss"]
[EventRounds "9"]
[EventCountry "RUS"]
[SourceTitle "EXT 2010"]
[Source "ChessBase"]
[SourceDate "2010.11.25"]
[SourceVersion "1"]
[SourceVersionDate "2010.11.25"]
[SourceQuality "1"]

1. d4 Nf6 2. c4 e6 3. Nc3 Bb4 4. e3 0-0 5. Nge2 d5 6. a3 Be7 7. cxd5 exd5 8. g3 c6 9. Bg2 a5 10. 0-0 Re8 11. Nf4 Bd6 12. Nd3 b6 13. f3 Ba6 14. e4 c5 15. Bg5 Be7 16. e5 Nfd7 17. Bxe7 Rxe7 18. Nxd5 1-0

[Event "Eger Agria op"]
[Site "Eger"]
[Date "2005.07.27"]
[Round "4"]
[White "Hujbert, Florian"]
[Black "Simakov, Vladislav"]
[Result "1/2-1/2"]
[WhiteElo "2287"]
[BlackElo "2183"]
[PlyCount "64"]
[EventDate "2005.07.18"]
[EventType "swiss"]
[EventRounds "9"]
[EventCountry "HUN"]
[SourceTitle "EXT 2008"]
[Source "ChessBase"]
[SourceDate "2007.11.25"]
[SourceVersion "1"]
[SourceVersionDate "2007.11.25"]
[SourceQuality "1"]

1. e4 e6 2. d4 d5 3. Nc3 Nf6 4. Bg5 Bb4 5. e5 h6 6. Bd2 Bxc3 7. bxc3 Ne4 8. Qg4 Kf8 9. Bd3 Nxd2 10. Kxd2 c5 11. h4 Nc6 12. Rh3 c4 13. Be2 b5 14. Rg3 Rg8 15. Qf4 Bd7 16. Bh5 Be8 17. Rf3 f5 18. Bxe8 Kxe8 19. Ne2 g5 20. hxg5 hxg5 21. Qh2 g4 22. Re3 Qg5 23. Rb1 Rb8 24. Nf4 Ke7 25. g3 b4 26. Qh7+ Qg7 27. Rh1 bxc3+ 28. Kxc3 Rb6 29. Qxg7+ Rxg7 30. Rh6 Nd8 31. Nh5 Rf7 32. Re1 Ra6 1/2-1/2